[Event "Damen Bundesliga 2013"]
[Site "21.24.3.13 St.Veit/G., 19.-21.4.13 Fuerstenfeld"]
[Date "2013.03.21"]
[Round "1"]
[Board "1"]
[White "Horvath, Reka"]
[Black "Schnegg, Anna-Lena"]
[Result "1/2-1/2"]
[WhiteElo "2040"]
[BlackElo "2032"]
[PlyCount "171"]
[EventDate "2013.03.21"]
[EventType "team"]
[EventRounds "7"]
[EventCountry "AUT"]
[WhiteTeam "Spg. Feldbach-Kirchberg"]
[BlackTeam "SV Schachamazonen"]

1. e4 e5 2. Nf3 Nc6 3. Bb5 a6 4. Ba4 Nf6 5. O-O Be7 6. Re1 b5 7. Bb3 O-O 8. d4
d6 9. c3 Bg4 10. Be3 Bh5 11. h3 exd4 12. cxd4 Na5 13. Bc2 c5 14. Nbd2 cxd4 15.
Bxd4 Nc6 16. Be3 Ne5 17. g4 Nxf3+ 18. Nxf3 Bg6 19. Nd2 d5 20. e5 Bxc2 21. Qxc2
Nd7 22. f4 Rc8 23. Qd1 Bc5 24. Nf1 Nb6 25. Bxc5 Rxc5 26. Ne3 Qh4 27. Qf3 Qe7
28. Nf5 Qc7 29. Nd4 Rc4 30. Qe3 Qc5 31. Rad1 Re8 32. Rd3 b4 33. b3 Rc3 34. Rxc3
bxc3 35. Rc1 Rc8 36. Kf2 Kh8 37. Kf3 a5 38. f5 a4 39. f6 gxf6 40. exf6 Nd7 41.
Re1 c2 42. Rc1 Qd6 43. Rxc2 Rxc2 44. Qe8+ Nf8 45. Nxc2 Qxf6+ 46. Ke2 Kg7 47.
Qxa4 Ne6 48. Qb4 Qb2 49. Kd2 Qxa2 50. Kd3 Qa6+ 51. Ke3 Qf1 52. Qc3+ Kg8 53. Kd2
Qf4+ 54. Qe3 Qh2+ 55. Kc1 Qc7 56. Kb2 Qf4 57. Qxf4 Nxf4 58. b4 Kf8 59. Kc3 Nxh3
60. Kd4 Nf4 61. Ne3 Ke8 62. Nxd5 Ng6 63. Nf6+ Ke7 64. Nxh7 Kd6 65. Ng5 Ne5 66.
Ne4+ Ke6 67. b5 Nxg4 68. b6 Kd7 69. Kc5 f5 70. Nd6 f4 71. Nb5 f3 72. b7 f2 73.
b8=Q f1=Q 74. Qc7+ Ke8 75. Nd6+ Kf8 76. Qd8+ Kg7 77. Qg5+ Kf8 78. Qxg4 Qc1+ 79.
Nc4 Qc2 80. Qd7 Qc1 81. Qf5+ Kg7 82. Kd5 Qd1+ 83. Ke6 Qe2+ 84. Ne5 Qa6+ 85. Kd5
Qa5+ 86. Ke4 1/2-1/2

[Event "Damen Bundesliga 2013"]
[Site "21.24.3.13 St.Veit/G., 19.-21.4.13 Fuerstenfeld"]
[Date "2013.03.21"]
[Round "1"]
[Board "2"]
[White "Schmidbauer, Andrea"]
[Black "Wilfling, Sandra"]
[Result "1/2-1/2"]
[WhiteElo "1870"]
[BlackElo "1796"]
[PlyCount "85"]
[EventDate "2013.03.21"]
[EventType "team"]
[EventRounds "7"]
[EventCountry "AUT"]
[WhiteTeam "SV Schachamazonen"]
[BlackTeam "Spg. Feldbach-Kirchberg"]

1. g3 Nf6 2. Bg2 d5 3. Nf3 c5 4. d3 Nc6 5. O-O e5 6. e4 d4 7. c3 Be7 8. a4 O-O
9. Na3 Ne8 10. Nc4 Qc7 11. cxd4 cxd4 12. Bd2 f6 13. Ne1 Nd6 14. Nxd6 Qxd6 15.
f4 Be6 16. Bf3 Qd7 17. f5 Bf7 18. Bh5 Bb4 19. Bxf7+ Qxf7 20. a5 a6 21. Rf2 Rac8
22. Qa4 Bxd2 23. Rxd2 Na7 24. Nc2 Nb5 25. Kf2 Rc5 26. Na3 Nxa3 27. Rxa3 Rfc8
28. Qb3 Rb5 29. Qxf7+ Kxf7 30. Ke2 Ke7 31. Kd1 Kd6 32. Rc2 Rcc5 33. Rxc5 Kxc5
34. Kc2 Rb4 35. b3 Rb5 36. Ra4 Rb4 37. Ra1 Kb5 38. Kb2 b6 39. axb6 Kxb6 40. g4
Rb5 41. Rc1 Rc5 42. Rxc5 Kxc5 43. Ka3 1/2-1/2

[Event "Damen Bundesliga 2013"]
[Site "21.24.3.13 St.Veit/G., 19.-21.4.13 Fuerstenfeld"]
[Date "2013.03.21"]
[Round "1"]
[Board "1"]
[White "Exler, Veronika"]
[Black "Anker, Christin"]
[Result "1/2-1/2"]
[WhiteElo "2109"]
[BlackElo "1867"]
[PlyCount "84"]
[EventDate "2013.03.21"]
[EventType "team"]
[EventRounds "7"]
[EventCountry "AUT"]
[WhiteTeam "ASVOE Wulkaprodersdorf"]
[BlackTeam "Schach ohne Grenzen"]

1. d4 d5 2. Nf3 Nf6 3. c4 c6 4. g3 g6 5. Bg2 Bg7 6. O-O O-O 7. Nc3 a6 8. Qb3 e6
9. c5 Ne4 10. Rd1 f5 11. Bf4 Nd7 12. Nxe4 fxe4 13. Ng5 Qf6 14. f3 h6 15. Nh3
exf3 16. exf3 e5 17. dxe5 Nxe5 18. Nf2 Kh8 19. Re1 Nc4 20. Re2 Qd4 21. Bd6 Nxd6
22. cxd6 Qc5 23. d7 Bxd7 24. Qxb7 Qd6 25. Qb6 Rfb8 26. Qe3 Re8 27. Qd2 Rab8 28.
Rxe8+ Rxe8 29. Rc1 Qe5 30. b3 Qe2 31. Rc2 Qxd2 32. Rxd2 Re1+ 33. Bf1 Bc3 34.
Re2 Rxe2 35. Bxe2 a5 36. Bd3 Kg7 37. Nd1 Bd4+ 38. Kf1 Bh3+ 39. Ke2 Kf6 40. Ne3
Bd7 41. f4 Bc3 42. Kf3 h5 1/2-1/2

[Event "Damen Bundesliga 2013"]
[Site "21.24.3.13 St.Veit/G., 19.-21.4.13 Fuerstenfeld"]
[Date "2013.03.21"]
[Round "1"]
[Board "2"]
[White "Bauer, Marie-Christine"]
[Black "Rampler, Evelyn"]
[Result "0-1"]
[WhiteElo "1884"]
[BlackElo "1872"]
[PlyCount "136"]
[EventDate "2013.03.21"]
[EventType "team"]
[EventRounds "7"]
[EventCountry "AUT"]
[WhiteTeam "Schach ohne Grenzen"]
[BlackTeam "ASVOE Wulkaprodersdorf"]

1. e4 c5 2. Nf3 e6 3. d4 cxd4 4. Nxd4 Nc6 5. Nb5 d6 6. Bf4 e5 7. Be3 Nf6 8.
N1c3 Be7 9. Be2 Be6 10. O-O d5 11. exd5 Nxd5 12. Nxd5 Bxd5 13. Nc3 Be6 14. f4
exf4 15. Qxd8+ Rxd8 16. Bxf4 Bc5+ 17. Kh1 O-O 18. Ne4 Be7 19. c3 f6 20. Be3 Bd5
21. Nc5 Ne5 22. Nb3 a6 23. Nd4 Rfe8 24. b3 Ba3 25. Bc1 Bc5 26. Nf3 Ng4 27. Bc4
Bxc4 28. bxc4 Re2 29. Nd4 Bxd4 30. cxd4 Rxd4 31. h3 Ne5 32. c5 Rc4 33. Rb1 Rxc5
34. Rxb7 Rxa2 35. Rd1 Rc8 36. Bf4 Ra5 37. Bxe5 Rxe5 38. Rdd7 Rg5 39. Ra7 a5 40.
h4 Rg4 41. Rxa5 Rxh4+ 42. Kg1 Rf8 43. Raa7 Rg4 44. Kf2 f5 45. Kf3 Rg6 46. g3 h6
47. Kf4 Rg4+ 48. Kf3 Kh7 49. Re7 Rf6 50. Rf7 Rxf7 51. Rxf7 Kg6 52. Rf8 Kg5 53.
Rf7 g6 54. Rf8 h5 55. Rh8 h4 56. gxh4+ Rxh4 57. Rg8 Ra4 58. Rh8 Ra3+ 59. Kf2
Kg4 60. Rb8 Rf3+ 61. Kg2 f4 62. Rb4 g5 63. Rc4 Re3 64. Rc2 f3+ 65. Kf2 Re2+ 66.
Rxe2 fxe2 67. Kxe2 Kg3 68. Kf1 Kh2 0-1

[Event "Damen Bundesliga 2013"]
[Site "21.24.3.13 St.Veit/G., 19.-21.4.13 Fuerstenfeld"]
[Date "2013.03.21"]
[Round "1"]
[Board "1"]
[White "Krassnitzer, Maria"]
[Black "Hapala, Lisa"]
[Result "0-1"]
[WhiteElo "1598"]
[BlackElo "2027"]
[PlyCount "60"]
[EventDate "2013.03.21"]
[EventType "team"]
[EventRounds "7"]
[EventCountry "AUT"]
[WhiteTeam "SV ASVOE St. Veit/Glan"]
[BlackTeam "ASVOE Pamhagen"]

1. d4 d5 2. Bf4 Nf6 3. Nf3 c6 4. h3 Bf5 5. e3 Qb6 6. Qc1 e6 7. Nbd2 Nbd7 8. Nh4
Bg6 9. Nxg6 hxg6 10. Bd3 c5 11. dxc5 Nxc5 12. O-O Be7 13. Be2 Rc8 14. c4 Nce4
15. b3 O-O 16. Nxe4 Nxe4 17. f3 Nf6 18. Qd2 Rfd8 19. Qd4 Bc5 20. Qe5 Nd7 21.
Qg5 e5 22. Kh2 exf4 23. exf4 Nf6 24. Rad1 Re8 25. Bd3 Rcd8 26. f5 Be3 27. Qh4
g5 28. Qe1 dxc4 29. Bxc4 Bd2 30. Qg3 Bf4 0-1

[Event "Damen Bundesliga 2013"]
[Site "21.24.3.13 St.Veit/G., 19.-21.4.13 Fuerstenfeld"]
[Date "2013.03.21"]
[Round "1"]
[Board "2"]
[White "Horvath, Maria"]
[Black "Kogler, Alexandra"]
[Result "1-0"]
[WhiteElo "2009"]
[BlackElo "1401"]
[PlyCount "55"]
[EventDate "2013.03.21"]
[EventType "team"]
[EventRounds "7"]
[EventCountry "AUT"]
[WhiteTeam "ASVOE Pamhagen"]
[BlackTeam "SV ASVOE St. Veit/Glan"]

1. d4 d5 2. c4 e6 3. Nc3 Nf6 4. cxd5 exd5 5. Bg5 c6 6. Qc2 h6 7. Bh4 Bd6 8. e3
Be6 9. Bd3 Nbd7 10. f4 Nb6 11. Nf3 O-O 12. f5 Bd7 13. O-O-O Re8 14. Rhe1 Be7
15. Ne5 Qc7 16. g4 Nh7 17. Bxe7 Rxe7 18. h4 f6 19. Ng6 Ree8 20. Kb1 Nc8 21.
Nxd5 Qa5 22. Nc7 Qxc7 23. Bc4+ Be6 24. Bxe6+ Rxe6 25. fxe6 Qd6 26. Qb3 b6 27.
e7+ Qd5 28. e8=Q+ 1-0

[Event "Damen Bundesliga 2013"]
[Site "21.24.3.13 St.Veit/G., 19.-21.4.13 Fuerstenfeld"]
[Date "2013.03.21"]
[Round "1"]
[Board "1"]
[White "Hiebler, Laura"]
[Black "Zechner, Andrea"]
[Result "1-0"]
[WhiteElo "1810"]
[BlackElo "1930"]
[PlyCount "52"]
[EventDate "2013.03.21"]
[EventType "team"]
[EventRounds "7"]
[EventCountry "AUT"]
[WhiteTeam "Union Raiffeisen Oggau"]
[BlackTeam "ASK Salzburg"]

1. c4 c6 2. e4 d5 3. exd5 cxd5 4. cxd5 Nf6 5. Nc3 Nxd5 6. Nf3 e6 7. d4 Bb4 8.
Bd2 O-O 9. Bd3 b6 10. Nxd5 Bxd2+ 11. Qxd2 Qxd5 12. Qc2 f5 13. O-O Ba6 14. Bxa6
Nxa6 15. Qe2 Nb4 16. a3 Nc6 17. Rfd1 Rad8 18. Rac1 Rfe8 19. b4 Rf8 20. b5 Na5
21. Rc7 Nb3 22. Rxa7 f4 23. h3 Qf5 24. Qb2 Qxb5 25. d5 Rd7 26. Rxd7 Qxd7 {
und Weiss gewann nach einigen weiteren Zügen} 1-0

[Event "Damen Bundesliga 2013"]
[Site "21.24.3.13 St.Veit/G., 19.-21.4.13 Fuerstenfeld"]
[Date "2013.03.21"]
[Round "1"]
[Board "2"]
[White "Steininger, Sandra"]
[Black "Huber, Elke Carola"]
[Result "0-1"]
[WhiteElo "1557"]
[BlackElo "1727"]
[PlyCount "98"]
[EventDate "2013.03.21"]
[EventType "team"]
[EventRounds "7"]
[EventCountry "AUT"]
[WhiteTeam "ASK Salzburg"]
[BlackTeam "Union Raiffeisen Oggau"]

1. d4 d5 2. g3 Nf6 3. Bg2 c6 4. Nf3 Bf5 5. O-O e6 6. b3 Bd6 7. Bb2 Nbd7 8. Nbd2
h6 9. c4 O-O 10. Ne5 Qc7 11. Nxd7 Qxd7 12. Rc1 Rfe8 13. c5 Bc7 14. a3 e5 15.
dxe5 Bxe5 16. Bxe5 Rxe5 17. Nf3 Re7 18. Nd4 Rae8 19. Re1 Bh3 20. Qd3 Bxg2 21.
Kxg2 Qg4 22. h3 Qe4+ 23. Qxe4 Rxe4 24. e3 g6 25. Nf3 Nd7 26. Nd2 R4e7 27. Nf3
Kg7 28. b4 a6 29. Kf1 Re4 30. Nd2 R4e6 31. Nf3 Rf6 32. Kg2 Re4 33. Nd2 Re5 34.
f4 Re8 35. Kf2 Rfe6 36. Nf3 Nf6 37. Nd2 Ne4+ 38. Nxe4 Rxe4 39. g4 R8e7 40. Rcd1
Rc4 41. Rc1 Ree4 42. Kf3 Kf6 43. h4 g5 44. hxg5+ hxg5 45. Rxc4 Rxc4 46. f5 Rc3
47. Ra1 d4 48. Ke4 Rxe3+ 49. Kxd4 Rg3 0-1

[Event "Damen Bundesliga 2013"]
[Site "21.24.3.13 St.Veit/G., 19.-21.4.13 Fuerstenfeld"]
[Date "2013.03.21"]
[Round "1"]
[Board "2"]
[White "Saler, Elisabeth"]
[Black "Steiner, Magdalena"]
[Result "1-0"]
[WhiteElo "1994"]
[BlackElo "1655"]
[PlyCount "85"]
[EventDate "2013.03.21"]
[EventType "team"]
[EventRounds "7"]
[EventCountry "AUT"]
[WhiteTeam "Spg Steyr"]
[BlackTeam "Tschaturanga"]

1. c4 Nf6 2. Nf3 g6 3. Nc3 Bg7 4. d4 O-O 5. e4 d6 6. Be2 Nc6 7. O-O e5 8. d5
Ne7 9. Bd2 c6 10. Rc1 Ne8 11. b4 f5 12. dxc6 bxc6 13. b5 c5 14. Bg5 Nf6 15.
Bxf6 Bxf6 16. exf5 Bxf5 17. Qd2 Qd7 18. Rcd1 Rad8 19. Ng5 Nc8 20. Bf3 Kh8 21.
Bc6 Qg7 22. Nce4 Be7 23. Qc3 h6 24. Nf3 g5 25. Ng3 g4 26. Nxf5 Rxf5 27. Nd2
Rdf8 28. Ne4 h5 29. Bd7 Rf4 30. Bc6 h4 31. Rd3 Qg6 32. Qe1 Qf5 33. Qe2 Qg6 34.
Nc3 Rxc4 35. Be4 Qg5 36. Nd5 Rd4 37. Nc7 Rf6 38. Rxd4 exd4 39. Bb7 Qf5 40. Bxc8
Qxc8 41. Qxe7 Rh6 42. Ne8 Rh7 43. Qf8# 1-0

[Event "Damen Bundesliga 2013"]
[Site "21.24.3.13 St.Veit/G., 19.-21.4.13 Fuerstenfeld"]
[Date "2013.03.22"]
[Round "2"]
[Board "1"]
[White "Hapala, Lisa"]
[Black "Hiebler, Laura"]
[Result "1-0"]
[WhiteElo "2027"]
[BlackElo "1810"]
[PlyCount "91"]
[EventDate "2013.03.21"]
[EventType "team"]
[EventRounds "7"]
[EventCountry "AUT"]
[WhiteTeam "ASVOE Pamhagen"]
[BlackTeam "Union Raiffeisen Oggau"]

1. e4 e5 2. Nf3 Nc6 3. Bb5 a6 4. Ba4 Nf6 5. O-O Be7 6. Re1 b5 7. Bb3 d6 8. c3
O-O 9. h3 Nb8 10. d4 Nbd7 11. Nbd2 Bb7 12. Bc2 Re8 13. Nf1 Bf8 14. Ng3 g6 15.
b3 d5 16. exd5 exd4 17. c4 Rxe1+ 18. Qxe1 Nb6 19. Bd3 bxc4 20. bxc4 c5 21. Bg5
h6 22. Bf4 a5 23. Rb1 Kh7 24. Ne5 Bxd5 25. cxd5 Nfxd5 26. Nxf7 Qf6 27. Bc7 Nxc7
28. Nh5 Qxf7 29. Rxb6 Re8 30. Qxa5 Ne6 31. Qb5 Bg7 32. Nxg7 Kxg7 33. Bc4 Re7
34. a4 Qf5 35. a5 Nc7 36. Qc6 Re1+ 37. Bf1 Re7 38. Rb7 Nd5 39. Rxe7+ Nxe7 40.
Qd6 Qe4 41. a6 Nc6 42. Qxc5 d3 43. Qc3+ Kh7 44. Bxd3 Qd5 45. Bc2 Qb5 46. Qf6
1-0

[Event "Damen Bundesliga 2013"]
[Site "21.24.3.13 St.Veit/G., 19.-21.4.13 Fuerstenfeld"]
[Date "2013.03.22"]
[Round "2"]
[Board "2"]
[White "Huber, Elke Carola"]
[Black "Horvath, Maria"]
[Result "0-1"]
[WhiteElo "1727"]
[BlackElo "2009"]
[PlyCount "102"]
[EventDate "2013.03.21"]
[EventType "team"]
[EventRounds "7"]
[EventCountry "AUT"]
[WhiteTeam "Union Raiffeisen Oggau"]
[BlackTeam "ASVOE Pamhagen"]

1. d4 d5 2. c4 c6 3. Nf3 Nf6 4. e3 e6 5. b3 Nbd7 6. Bb2 Ne4 7. Nbd2 f5 8. Bd3
Be7 9. Qc2 O-O 10. O-O Qe8 11. Ne5 Nxe5 12. dxe5 Qh5 13. Rae1 Bd7 14. f3 Nxd2
15. Qxd2 Qh6 16. f4 Bh4 17. Rc1 Be7 18. Rf3 Qh5 19. Rh3 Qf7 20. cxd5 exd5 21.
Kh1 Be6 22. Be2 g6 23. Qc3 Rfd8 24. Bf3 Bf8 25. Qd2 c5 26. Qe2 a5 27. g4 a4 28.
gxf5 Bxf5 29. Bg4 axb3 30. axb3 Ra2 31. Rg1 Be4+ 32. Bf3 Qf5 33. Rhg3 Bxf3+ 34.
Rxf3 Qe4 35. Rgf1 Bg7 36. Kg1 d4 37. Qc4+ Kh8 38. Bc1 Rc2 39. Qe6 Rxc1 40. Qe7
Rxf1+ 41. Rxf1 Qxe3+ 42. Kg2 Qe4+ 43. Kg1 Ra8 44. Qd7 Qe3+ 45. Rf2 Ra1+ 46. Kg2
Qe4+ 47. Rf3 Ra2+ 48. Kg3 h5 49. Qd8+ Kh7 50. e6 Qxe6 51. Qg5 Qe2 0-1

[Event "Damen Bundesliga 2013"]
[Site "21.24.3.13 St.Veit/G., 19.-21.4.13 Fuerstenfeld"]
[Date "2013.03.22"]
[Round "2"]
[Board "1"]
[White "Nagy, Laura"]
[Black "Exler, Veronika"]
[Result "0-1"]
[WhiteElo "1989"]
[BlackElo "2109"]
[PlyCount "106"]
[EventDate "2013.03.21"]
[EventType "team"]
[EventRounds "7"]
[EventCountry "AUT"]
[WhiteTeam "Spg Steyr"]
[BlackTeam "ASVOE Wulkaprodersdorf"]

1. e4 e5 2. Nf3 Nc6 3. Bc4 Nf6 4. Nc3 Bd6 5. O-O O-O 6. d3 h6 7. a3 Re8 8. Ne2
Bf8 9. Ng3 d5 10. Ba2 dxe4 11. dxe4 Bg4 12. Qxd8 Raxd8 13. Be3 Bxf3 14. gxf3
Nd4 15. Bxd4 Rxd4 16. Rad1 Red8 17. Rxd4 Rxd4 18. Re1 b5 19. Bb3 a5 20. c3 Rd2
21. Re2 Rd8 22. Re1 a4 23. Rd1 Rxd1+ 24. Bxd1 Ne8 25. Nf5 Bc5 26. c4 c6 27.
cxb5 cxb5 28. Be2 Nc7 29. Ne3 Bxe3 30. fxe3 Kf8 31. f4 Ke7 32. Kf2 Kd6 33. f5
g6 34. Bd1 gxf5 35. exf5 e4 36. b3 axb3 37. Bxb3 f6 38. Kg3 Ke5 39. Kg4 Ne8 40.
Be6 Nd6 41. Bd7 Nc4 42. Kh5 Nxa3 43. Kxh6 b4 44. Be6 Nc2 45. Kg6 Nxe3 46. h4
Nxf5 47. Bxf5 b3 48. Bxe4 Kxe4 49. Kxf6 b2 50. h5 b1=Q 51. h6 Qb2+ 52. Kg6 Qh8
53. h7 Ke5 0-1

[Event "Damen Bundesliga 2013"]
[Site "21.24.3.13 St.Veit/G., 19.-21.4.13 Fuerstenfeld"]
[Date "2013.03.22"]
[Round "2"]
[Board "2"]
[White "Rampler, Evelyn"]
[Black "Saler, Elisabeth"]
[Result "1-0"]
[WhiteElo "1872"]
[BlackElo "1994"]
[PlyCount "77"]
[EventDate "2013.03.21"]
[EventType "team"]
[EventRounds "7"]
[EventCountry "AUT"]
[WhiteTeam "ASVOE Wulkaprodersdorf"]
[BlackTeam "Spg Steyr"]

1. e4 e6 2. d3 c5 3. g3 Nc6 4. Bg2 g6 5. Be3 Bg7 6. Nc3 d6 7. Qd2 Nf6 8. h3 O-O
9. Nf3 a6 10. Bh6 Qc7 11. Bxg7 Kxg7 12. O-O Bd7 13. h4 Rac8 14. Rad1 e5 15. Ng5
h6 16. Nh3 b5 17. f4 Bg4 18. Rc1 Qd7 19. Kh2 Bxh3 20. Bxh3 Ng4+ 21. Kg2 f5 22.
a4 Nd4 23. Nd5 Rce8 24. axb5 axb5 25. Bxg4 fxg4 26. Ra1 Qb7 27. Rh1 Nf3 28. Qa5
Rf7 29. h5 exf4 30. hxg6 Kxg6 31. Nxf4+ Kg7 32. Rh5 Ng5 33. Qc3+ Kh7 34. Rah1
Nh3 35. Nxh3 gxh3+ 36. R1xh3 Re6 37. Rg5 Rxe4 38. dxe4 Qxe4+ 39. Kg1 1-0

[Event "Damen Bundesliga 2013"]
[Site "21.24.3.13 St.Veit/G., 19.-21.4.13 Fuerstenfeld"]
[Date "2013.03.22"]
[Round "2"]
[Board "1"]
[White "Anker, Christin"]
[Black "Horvath, Reka"]
[Result "0-1"]
[WhiteElo "1867"]
[BlackElo "2040"]
[PlyCount "138"]
[EventDate "2013.03.21"]
[EventType "team"]
[EventRounds "7"]
[EventCountry "AUT"]
[WhiteTeam "Schach ohne Grenzen"]
[BlackTeam "Spg. Feldbach-Kirchberg"]

1. e4 c5 2. Nf3 d6 3. d4 cxd4 4. Nxd4 Nf6 5. Nc3 g6 6. Bg5 Bg7 7. Bb5+ Bd7 8.
Qe2 O-O 9. O-O-O Qa5 10. Kb1 Bxb5 11. Ndxb5 a6 12. Bxf6 Bxf6 13. Nd4 Nc6 14.
Nb3 Qd8 15. Nd5 Bg7 16. h4 Re8 17. Rh3 Rc8 18. h5 b5 19. hxg6 hxg6 20. Ne3 Ne5
21. Ng4 Nxg4 22. Qxg4 Qc7 23. Qe2 a5 24. f4 a4 25. Nd4 Qc4 26. Qxc4 Rxc4 27.
Rhd3 Rec8 28. c3 R4c5 29. g3 Bf6 30. g4 a3 31. g5 Bg7 32. b3 e5 33. fxe5 Bxe5
34. Ne2 Kg7 35. Rd5 Kf8 36. Rxc5 Rxc5 37. Kc2 Ke7 38. Kd3 d5 39. Nd4 Bf4 40.
exd5 Bxg5 41. c4 bxc4+ 42. bxc4 Rc8 43. Nb5 Rh8 44. Re1+ Kd7 45. Re2 Be7 46.
Rc2 Bc5 47. Rg2 Rh3+ 48. Kc2 Be7 49. Nc3 Re3 50. Na4 Re1 51. c5 Re4 52. Nb6+
Kd8 53. d6 Bxd6 54. cxd6 Rb4 55. Na4 Rxa4 56. Kb3 Ra6 57. Rf2 f5 58. Rh2 Rxd6
59. Kxa3 g5 60. Kb4 g4 61. Rh8+ Ke7 62. a4 f4 63. Rg8 g3 64. a5 Ke6 65. a6 Rxa6
66. Rg6+ Kf5 67. Rxa6 g2 68. Ra1 f3 69. Rg1 Kf4 0-1

[Event "Damen Bundesliga 2013"]
[Site "21.24.3.13 St.Veit/G., 19.-21.4.13 Fuerstenfeld"]
[Date "2013.03.22"]
[Round "2"]
[Board "2"]
[White "Wilfling, Sandra"]
[Black "Bauer, Marie-Christine"]
[Result "1-0"]
[WhiteElo "1796"]
[BlackElo "1884"]
[PlyCount "55"]
[EventDate "2013.03.21"]
[EventType "team"]
[EventRounds "7"]
[EventCountry "AUT"]
[WhiteTeam "Spg. Feldbach-Kirchberg"]
[BlackTeam "Schach ohne Grenzen"]

1. d4 d5 2. c4 c6 3. Nf3 Nf6 4. Nc3 dxc4 5. a4 Bf5 6. e3 e6 7. Bxc4 Bb4 8. O-O
Nbd7 9. Qe2 O-O 10. e4 Bg4 11. e5 Nd5 12. Nxd5 cxd5 13. Bd3 Be7 14. h3 Bxf3 15.
Qxf3 Bg5 16. Qh5 h6 17. f4 Qb6 18. Be3 Be7 19. Rf2 Qb3 20. Qe2 Rfc8 21. f5 Nf8
22. f6 Bd8 23. Bxh6 g6 24. Bxf8 Kxf8 25. Qe3 a6 26. Qh6+ Ke8 27. Bxg6 Bb6 28.
Bxf7+ 1-0

[Event "Damen Bundesliga 2013"]
[Site "21.24.3.13 St.Veit/G., 19.-21.4.13 Fuerstenfeld"]
[Date "2013.03.22"]
[Round "2"]
[Board "1"]
[White "Schnegg, Anna-Lena"]
[Black "Hennings, Margit"]
[Result "1-0"]
[WhiteElo "2032"]
[BlackElo "1980"]
[PlyCount "27"]
[EventDate "2013.03.21"]
[EventType "team"]
[EventRounds "7"]
[EventCountry "AUT"]
[WhiteTeam "SV Schachamazonen"]
[BlackTeam "SV ASVOE St. Veit/Glan"]

1. e4 c5 2. Nf3 Nc6 3. d4 cxd4 4. Nxd4 g6 5. c4 Bg7 6. Nc2 e6 7. Be2 Nge7 8.
Nc3 O-O 9. O-O a6 10. Be3 Qc7 11. Qd2 Rd8 12. Na4 Qe5 13. Bf4 Qxe4 14. Bd3 1-0

[Event "Damen Bundesliga 2013"]
[Site "21.24.3.13 St.Veit/G., 19.-21.4.13 Fuerstenfeld"]
[Date "2013.03.22"]
[Round "2"]
[Board "2"]
[White "Krassnitzer, Maria"]
[Black "Landl, Margot"]
[Result "0-1"]
[WhiteElo "1598"]
[BlackElo "1778"]
[PlyCount "96"]
[EventDate "2013.03.21"]
[EventType "team"]
[EventRounds "7"]
[EventCountry "AUT"]
[WhiteTeam "SV ASVOE St. Veit/Glan"]
[BlackTeam "SV Schachamazonen"]

1. e4 c6 2. d4 d5 3. Nc3 dxe4 4. Nxe4 Bf5 5. Ng3 Bg6 6. Nf3 Nd7 7. h4 h6 8. Bf4
Ngf6 9. Ne5 Bh7 10. Bd3 Bxd3 11. Qxd3 e6 12. c3 Be7 13. Nxd7 Qxd7 14. O-O-O Nd5
15. Ne2 O-O-O 16. g4 Nxf4 17. Nxf4 Qc7 18. Ne2 Bd6 19. Kb1 Kb8 20. Qf3 Qe7 21.
Nf4 Rhe8 22. h5 Qf6 23. Qe4 Bxf4 24. f3 Bc7 25. Rhf1 Qf4 26. Qc2 f6 27. Qb3 Rd5
28. Rd3 e5 29. Rfd1 exd4 30. Rxd4 Rxd4 31. cxd4 Qe3 32. Qf7 Qe7 33. Qb3 Qe6 34.
Qd3 Qe2 35. Qb3 a6 36. Kc1 Qe3+ 37. Qxe3 Rxe3 38. Rf1 Bf4 39. Kc2 Kc7 40. Rf2
Kd6 41. b3 Kd5 42. a4 Re1 43. Kc3 b6 44. Kd3 Rd1+ 45. Kc3 Rxd4 46. Re2 Be5 47.
Rd2 Rxd2+ 48. Kxd2 Bd4 0-1

[Event "Damen Bundesliga 2013"]
[Site "21.24.3.13 St.Veit/G., 19.-21.4.13 Fuerstenfeld"]
[Date "2013.03.22"]
[Round "2"]
[Board "2"]
[White "Steiner, Magdalena"]
[Black "Steininger, Sandra"]
[Result "1-0"]
[WhiteElo "1655"]
[BlackElo "1557"]
[PlyCount "60"]
[EventDate "2013.03.21"]
[EventType "team"]
[EventRounds "7"]
[EventCountry "AUT"]
[WhiteTeam "Tschaturanga"]
[BlackTeam "ASK Salzburg"]

1. Nf3 e6 2. g3 d5 3. Bg2 c5 4. O-O Nc6 5. d3 Nf6 6. Nbd2 Be7 7. c4 d4 8. a3
Qc7 9. Nb3 Rb8 10. e3 e5 11. exd4 cxd4 12. Re1 O-O 13. Nfd2 Bf5 14. Ne4 Nxe4
15. Bxe4 Bxe4 16. Rxe4 f5 17. Re1 Rbe8 18. f4 Bf6 19. Qf3 g6 20. Nc5 Qe7 21. b4
Qf7 22. b5 Nd8 23. fxe5 Rxe5 24. Rxe5 Bxe5 25. Bh6 Re8 26. Re1 b6 27. Nb3 Bf6
28. Rxe8+ Qxe8 29. Kf1 Kh8 30. Qd5 Qe3 1-0

[Event "Damen Bundesliga 2013"]
[Site "21.24.3.13 St.Veit/G., 19.-21.4.13 Fuerstenfeld"]
[Date "2013.03.23"]
[Round "3"]
[Board "1"]
[White "Kopinits, Anna-Christina"]
[Black "Hapala, Lisa"]
[Result "1-0"]
[WhiteElo "2247"]
[BlackElo "2027"]
[PlyCount "95"]
[EventDate "2013.03.21"]
[EventType "team"]
[EventRounds "7"]
[EventCountry "AUT"]
[WhiteTeam "ASVOE Wulkaprodersdorf"]
[BlackTeam "ASVOE Pamhagen"]

1. d4 d5 2. c4 c6 3. Nf3 Nf6 4. Nc3 dxc4 5. a4 Bf5 6. Ne5 Na6 7. f3 Nd7 8. Nxc4
e5 9. e4 exd4 10. exf5 dxc3 11. bxc3 Qf6 12. Qd4 Bc5 13. Qxf6 Nxf6 14. Kd1
O-O-O+ 15. Kc2 Nd5 16. Bd2 Rhe8 17. Bd3 Ne3+ 18. Bxe3 Bxe3 19. f6 g6 20. Rhe1
Bf4 21. g3 Bc7 22. Ne3 Nc5 23. Bc4 Rd6 24. Nf5 Rdd8 25. Nh6 Rxe1 26. Rxe1 Rf8
27. Bxf7 Nd7 28. Be6 Rxf6 29. Ng8 Rxf3 30. Rd1 Rf2+ 31. Kb3 Rxh2 32. Bxd7+ Kb8
33. g4 h5 34. Nf6 Be5 35. Ne4 hxg4 36. Bxg4 Rg2 37. Be6 a5 38. Nc5 Bc7 39. Rf1
b6 40. Na6+ Kb7 41. Rf7 Kxa6 42. Rxc7 b5 43. Rxc6+ Kb7 44. axb5 g5 45. Ra6 Rg1
46. Kc4 Ra1 47. Kc5 a4 48. Bd5+ 1-0

[Event "Damen Bundesliga 2013"]
[Site "21.24.3.13 St.Veit/G., 19.-21.4.13 Fuerstenfeld"]
[Date "2013.03.23"]
[Round "3"]
[Board "2"]
[White "Horvath, Maria"]
[Black "Exler, Veronika"]
[Result "1-0"]
[WhiteElo "2009"]
[BlackElo "2109"]
[PlyCount "69"]
[EventDate "2013.03.21"]
[EventType "team"]
[EventRounds "7"]
[EventCountry "AUT"]
[WhiteTeam "ASVOE Pamhagen"]
[BlackTeam "ASVOE Wulkaprodersdorf"]

1. d4 d5 2. c4 e6 3. Nc3 Bb4 4. e3 Nf6 5. a3 Bxc3+ 6. bxc3 c5 7. cxd5 exd5 8.
Bd3 O-O 9. Ne2 Re8 10. O-O c4 11. Bc2 Ne4 12. f3 Nd6 13. Ng3 f5 14. Nh5 Be6 15.
Nf4 Bf7 16. a4 Nc6 17. Re1 b6 18. Ba3 g6 19. Qd2 Na5 20. Qf2 Nab7 21. Qg3 Kh8
22. Re2 Qd7 23. Rae1 a6 24. Nh3 b5 25. Ng5 Rad8 26. Qh4 Bg8 27. e4 dxe4 28.
fxe4 fxe4 29. Nxe4 Nxe4 30. Bxe4 Bf7 31. Qf6+ Kg8 32. Bxb7 Qxb7 33. Rxe8+ Rxe8
34. Rxe8+ Bxe8 35. Qf8# 1-0

[Event "Damen Bundesliga 2013"]
[Site "21.24.3.13 St.Veit/G., 19.-21.4.13 Fuerstenfeld"]
[Date "2013.03.23"]
[Round "3"]
[Board "1"]
[White "Huber, Elke Carola"]
[Black "Schnegg, Anna-Lena"]
[Result "1-0"]
[WhiteElo "1727"]
[BlackElo "2032"]
[PlyCount "65"]
[EventDate "2013.03.21"]
[EventType "team"]
[EventRounds "7"]
[EventCountry "AUT"]
[WhiteTeam "Union Raiffeisen Oggau"]
[BlackTeam "SV Schachamazonen"]

1. d4 d5 2. c4 e6 3. Nc3 Be7 4. cxd5 exd5 5. Bf4 c6 6. Qc2 g6 7. e3 Bf5 8. Qd2
Nf6 9. Nge2 Nbd7 10. Ng3 Be6 11. Bd3 Nb6 12. h3 Bd6 13. Bxd6 Qxd6 14. Rb1 O-O
15. O-O a5 16. Rfc1 Nfd7 17. Nge2 f5 18. Nf4 Nf6 19. Qd1 Ne4 20. Na4 Nd7 21. a3
b5 22. Nc3 a4 23. Na2 Nb6 24. Bf1 Nc4 25. Rc2 Bd7 26. Rbc1 Kh8 27. Nd3 Rg8 28.
Nc3 Raf8 29. Nb4 Nxc3 30. Rxc3 Nxb2 31. Qc2 Nc4 32. Qa2 Re8 33. Na6 {Flag!} 1-0